[Event "Australian Masters"]
[Site "Melbourne AUS"]
[Date "2004.08.06"]
[Round "4"]
[White "Pecori,A"]
[Black "Johansen,D"]
[Result "0-1"]
[WhiteElo "2152"]
[BlackElo "2483"]

1.e4 c5 2.Nf3 Nc6 3.Nc3 Nf6 4.Bc4 e6 5.d3 a6 6.Bg5 h6 7.Bh4 b5 8.Bb3 d6 9.a4 b4
10.Nb1 Be7 11.c3 a5 12.Nbd2 d5 13.c4 dxe4 14.dxe4 Nd7 15.Bg3 Bf6 16.Rb1 g5
17.h3 Bb7 18.Qe2 Nde5 19.Bc2 Qb6 20.Nxe5 Bxe5 21.Bxe5 Nxe5 22.b3 O-O-O 23.Rd1 Ng6
24.g3 h5 25.Qe3 f6 26.Nf3 Rxd1+ 27.Kxd1 h4 28.Kc1 Qc7 29.Kb1 Kb8 30.Ne1 Rd8
31.Rf1 e5 32.Nf3 Bc8 33.g4 Nf4 34.Ng1 Rd4 35.Ne2 Qd6 36.Nxf4 exf4 37.Qf3 Bb7
38.Re1 Kc7 39.Re2 Bc6 40.Kb2 Qe5 41.Kb1 Kb6 42.Re1 Qd6 43.Re2 Kb7 44.Kb2 Kc7
45.Kb1 Kd7 46.Kc1 Ke6 47.Qh1 Qe5 48.Kb1 Rd7 49.Qf3 Rd6 50.Ka2 Qc3 51.Qxc3 bxc3
52.f3 Ke5 53.Kb1 Rd2 54.Rxd2 cxd2 55.Bd1 Kd4 56.Kc2 Ke3 57.Kc3 Bb7 58.Kc2 Bc8
59.Kc3 Bd7 60.Kc2 Bxg4 61.fxg4 f3 62.Bxf3 Kxf3 63.Kxd2 Kxe4 64.Ke2 f5 65.gxf5 Kxf5
66.Kf3 g4+ 67.hxg4+ Kg5 68.b4 axb4 69.a5 b3  0-1

[Event "IV Mario Covas"]
[Site "Santos BRA"]
[Date "2004.08.06"]
[Round "7"]
[White "Rodriguez,And URU"]
[Black "Matsuura,E"]
[Result "1-0"]
[WhiteElo "2567"]
[BlackElo "2490"]

1.e4 c5 2.Nc3 Nc6 3.Nge2 g6 4.d4 cxd4 5.Nxd4 Bg7 6.Nb3 Nf6 7.g4 d5 8.exd5 Nb4
9.Bb5+ Kf8 10.Be2 Bxg4 11.Bxg4 Nxg4 12.Qxg4 Nxc2+ 13.Ke2 h5 14.Qf3 Nxa1 15.Nxa1 h4
16.Nb3 Rh5 17.Rd1 Qb6 18.Qd3 Rd8 19.Be3 Qc7 20.h3 b6 21.Nd4 Qh2 22.Qe4 Qxh3
23.Rh1 Qc8 24.Rxh4 Qc4+ 25.Ke1 Rxh4 26.Qxh4 Qd3 27.Qf4 Kg8 28.Qc7 Re8 29.Qd7 Kf8
30.Qb5 Qxb5 31.Ndxb5 Rc8 32.Kd2 a6 33.Nd4 b5 34.Kd3 Ke8 35.b3 Be5 36.Nc6 Bd6
37.Ne4 Kd7 38.Kd4 Kc7 39.Bd2 Kd7 40.Ba5 Rh8 41.Ne5+ Bxe5+ 42.Kxe5 Rh5+ 43.Kd4 Rh4
44.Ke3 f5 45.Nc5+ Kd6 46.Nxa6 Kxd5 47.Nb4+ Kd6 48.Nd3 e5 49.Bc3 Rh3+ 50.Ke2 e4
51.Bb4+ Kc7 52.Nf4 Rh6 53.Bf8 Rh1 54.Nxg6 Ra1 55.a3 Rb1 56.Ne7 Rb2+ 57.Kf1 Rxb3
58.Nxf5 Kb6 59.Ne3 Rd3 60.Bb4 Kc6 61.Ke2 Rd7 62.Nd1 Rd4 63.Nc3 Rd8 64.Ke3 Re8
65.Kd4 e3 66.fxe3 Rd8+ 67.Ke4 Re8+ 68.Kf4  1-0

[Event "FSGM August"]
[Site "Budapest HUN"]
[Date "2004.08.07"]
[Round "1"]
[White "Turov,M"]
[Black "Nilssen,J"]
[Result "1-0"]
[WhiteElo "2536"]
[BlackElo "2414"]

1.e4 c5 2.Nc3 Nc6 3.Bb5 Nd4 4.Bc4 g6 5.Nf3 Bg7 6.Nxd4 cxd4 7.Qf3 Nh6 8.Ne2 O-O
9.c3 dxc3 10.dxc3 d6 11.h3 Qc7 12.Qd3 Kh8 13.Nf4 f5 14.O-O Nf7 15.Be6 Ne5
16.Qe2 fxe4 17.Bb3 e6 18.Nxe6 Bxe6 19.Bxe6 Rae8 20.Bd5 Nd3 21.Be3 Qe7 22.Rad1 Nf4
23.Bxf4 Rxf4 24.Qe3 g5 25.Rfe1 Ref8 26.Bxe4 Rxf2 27.Qxf2 Rxf2 28.Kxf2 Be5
29.g3 Qf7+ 30.Kg2 Qxa2 31.Re2 Bxc3 32.Bd5  1-0

[Event "XI Summer Open"]
[Site "Nice FRA"]
[Date "2004.08.07"]
[Round "7"]
[White "Gouliev,N"]
[Black "Salvador,R"]
[Result "1-0"]
[WhiteElo "2455"]
[BlackElo "2178"]

1.e4 c5 2.Nf3 Nc6 3.Nc3 e5 4.Bc4 d6 5.d3 h6 6.Nd2 Nf6 7.Nf1 Be6 8.Ne3 a6
9.a4 Rb8 10.O-O Be7 11.Ned5 Bxd5 12.Nxd5 Nxd5 13.Bxd5 Bf6 14.c3 Ne7 15.Bb3 Ng6
16.Qh5 Qe7 17.g3 Nf8 18.f4 Ne6 19.Bd2 Rd8 20.a5 O-O 21.Rf2 exf4 22.gxf4 Kh7
23.Kh1 g6 24.Qh3 Ng7 25.Rg1 Rg8 26.Rfg2 Ne8 27.f5 g5 28.Qh5 Rd7 29.h4 Ng7
30.Qxh6+ Kxh6 31.hxg5+ Kh7 32.Rh2+ Nh5 33.Rxh5+ Kg7 34.gxf6+ Kxf6 35.Rxg8  1-0

[Event "9th Open"]
[Site "Creon FRA"]
[Date "2004.08.08"]
[Round "9"]
[White "Cornette,M"]
[Black "Guennoun,A"]
[Result "1-0"]
[WhiteElo "2393"]
[BlackElo "2130"]

1.e4 c5 2.Nf3 Nc6 3.Nc3 Nf6 4.Bb5 Nd4 5.e5 Nxb5 6.Nxb5 Nd5 7.Ng5 h6 8.Nxf7 Kxf7
9.Qf3+ Nf6 10.exf6 gxf6 11.Qh5+ Kg8 12.Qxc5 d6 13.Qh5 Bd7 14.a4 Kh7 15.Qf7+ Bg7
16.O-O Rf8 17.Qh5 a6 18.Nc3 Qe8 19.Qxe8 Rfxe8 20.d4 e5 21.dxe5 dxe5 22.Be3 Bc6
23.Bb6 f5 24.Ne2 Be4 25.c3 Re6 26.a5 Kg6 27.Rad1 Bc6 28.Rfe1 Rae8 29.c4 Kg5
30.b3 f4 31.Nc3 e4 32.Nd5 Bxd5 33.Rxd5+ Kg6 34.g3 e3 35.fxe3 fxe3 36.Re2 Bc3
37.Kg2 R8e7 38.g4 Bd2 39.h4  1-0

[Event "15th ch-NATO"]
[Site "The Hague NED"]
[Date "2004.08.09"]
[Round "2"]
[White "Drabke,L"]
[Black "Marek,Ma"]
[Result "1-0"]
[WhiteElo "2428"]
[BlackElo "2155"]

1.e4 c5 2.Nc3 Nc6 3.Bb5 Na5 4.d4 a6 5.Be2 cxd4 6.Qxd4 e6 7.Bf4 Ne7 8.Bg3 Nec6
9.Qd2 Be7 10.Nf3 b5 11.O-O O-O 12.Rfd1 Qb6 13.a3 Ra7 14.Bd6 Bxd6 15.Qxd6 Nb7
16.Qd2 d6 17.b4 Ne7 18.a4 bxa4 19.Nxa4 Qc7 20.Qd4 Nc6 21.Qb6 Qxb6 22.Nxb6 Nxb4
23.Rdb1 Nc6 24.Bxa6 Rxa6 25.Rxa6 Nc5 26.Ra8 Ba6 27.Nd2 Nd8 28.Nd7 Nxd7 29.Rxa6 d5
30.Rd6 Ne5 31.Rb8 Nec6 32.Rc8  1-0

[Event "RUS-CHN"]
[Site "Moscow CHN"]
[Date "2004.08.10"]
[Round "1"]
[White "Zimina,O"]
[Black "Huang Qian"]
[Result "1/2-1/2"]
[WhiteElo "2430"]
[BlackElo "2356"]

1.e4 c5 2.Nc3 Nc6 3.Nf3 g6 4.d4 cxd4 5.Nxd4 Bg7 6.Be3 d6 7.Bc4 Nf6 8.f3 O-O
9.Qd2 Bd7 10.O-O-O Rc8 11.Bb3 Na5 12.Kb1 Nc4 13.Bxc4 Rxc4 14.h4 b5 15.b3 Rc8
16.Ndxb5 Qa5 17.a4 a6 18.Nd5 Qxd2 19.Nxe7+ Kh8 20.Rxd2 Rce8 21.Nxg6+ fxg6
22.Nxd6 Rb8 23.Ba7 Ra8 24.Bd4 Be6 25.Rhd1 Rab8 26.Rd3 Kg8 27.Rc3 Rfd8 28.Rc6 a5
29.Bb6 Bd7 30.Bxd8 Bxc6 31.Bc7 Ra8 32.Nc4 Be8 33.Rd8 Rxd8 34.Bxd8 Nh5 35.Bxa5 Nf4
36.g3 Ne2 37.Bc7 Nd4 38.Nd2 Bh6 39.f4 Ne2 40.a5 Nxg3 41.b4 Bc6 42.a6 Bf8
43.c3 Nxe4 44.Nxe4 Bxe4+ 45.Kb2 Bd3 46.a7 Be4 47.Kb3 Kf7 48.Kc4 Ke6 49.Kd4 Ba8
50.b5 Bg7+ 51.Be5 Bf8 52.c4 Be7 53.c5 Bxh4 54.Kc4 Bf2 55.Bd4 Bxd4 56.Kxd4 h5
57.Ke3 Kd5 58.c6 Kd6 59.Kf3  1/2-1/2

[Event "ch-Arab"]
[Site "Dubai UAE"]
[Date "2004.08.11"]
[Round "9"]
[White "Al Sayed,Mohamad"]
[Black "Belkhodja,S"]
[Result "1/2-1/2"]
[WhiteElo "2443"]
[BlackElo "2463"]

1.e4 c5 2.Nf3 Nc6 3.Nc3 e5 4.Bc4 Be7 5.d3 Nf6 6.Nd2 d6 7.Nf1 Bg4 8.f3 Be6
9.Ne3 a6 10.a4 O-O 11.O-O Nb4 12.Qe2 Re8 13.Kh1 Bf8 14.Bxe6 Rxe6 15.g4 Ne8
16.Ncd5 Nxd5 17.Nxd5 Nc7 18.f4 exf4 19.Nb6 g5 20.Nxa8 Qxa8 21.Bd2 Bg7 22.Bc3 d5
23.Bxg7 Kxg7 24.Rf3 Qd8 25.Re1 Qf6 26.Qg2  1/2-1/2

[Event "FSGM August"]
[Site "Budapest HUN"]
[Date "2004.08.12"]
[Round "6"]
[White "Paschall,W"]
[Black "Nilssen,J"]
[Result "1/2-1/2"]
[WhiteElo "2389"]
[BlackElo "2414"]

1.e4 c5 2.Nf3 Nc6 3.Nc3 e5 4.Bc4 Be7 5.d3 Nf6 6.Ng5 O-O 7.f4 d5 8.Nxd5 Nxd5
9.Bxd5 exf4 10.Nxf7 Rxf7 11.Qh5 Qf8 12.Qxf7+ Qxf7 13.Bxf7+ Kxf7 14.Bxf4 Bf6
15.Rf1 Kg8 16.c3 Be6 17.Ke2 Rd8 18.h3 b6 19.g4 h6 20.Ke3 Ne5 21.Bxe5 Bxe5
22.Rfd1 Rf8 23.Rf1 Bf6 24.d4 Bc4 25.Rf5 g6 26.Rf3 Bg5+ 27.Kf2 Bh4+ 28.Ke3 Bg5+
29.Kf2 Re8 30.b3 Ba6 31.e5 Bb7 32.Rd1 Bh4+ 33.Ke3 Bg5+ 34.Kf2 cxd4 35.cxd4 Bh4+
36.Ke3 Bg5+ 37.Kf2 Bxf3 38.Kxf3 Kf7 39.Ke4 Ke6 40.d5+ Kd7 41.d6 Ke6 42.d7 Rd8
43.Rd6+ Ke7 44.h4 Bxh4 45.Rxg6 Bg5 46.e6 Kd6 47.a4 Rf8 48.b4 Rf4+ 49.Kd3 Be7
50.Rxh6 Rxg4 51.Rh8 Rxb4 52.d8=Q+ Bxd8 53.Rxd8+ Kxe6 54.a5 bxa5 55.Ra8 Rb7
56.Rh8 Kd6 57.Rh5 Kc6 58.Rxa5 Kb6 59.Ra2 Rc7 60.Rc2  1/2-1/2

[Event "US Open"]
[Site "Fort Lauderdale USA"]
[Date "2004.08.12"]
[Round "6"]
[White "Matikozian,A"]
[Black "Zaikov,O"]
[Result "1-0"]
[WhiteElo "2470"]
[BlackElo "2302"]

1.e4 c5 2.Nc3 Nc6 3.Nf3 g6 4.Bc4 Bg7 5.O-O e6 6.d4 cxd4 7.Nb5 d6 8.Nfxd4 Nxd4
9.Nxd4 a6 10.Bb3 Ne7 11.Be3 O-O 12.Qd2 b5 13.f4 d5 14.e5 f6 15.exf6 Bxf6
16.Rae1 Qd6 17.c3 Bd7 18.Kh1 Rae8 19.Bg1 Bg7 20.Bd1 Bh6 21.Be3 Rf6 22.Rf2 Nc8
23.Nb3 Qc7 24.g3 e5 25.fxe5 Rxf2 26.Qxf2 Qxe5 27.Bd2 Qg7 28.Rxe8+ Bxe8 29.Bxh6 Qxh6
30.Qc5 Qh3 31.Qxd5+ Bf7 32.Qd8+ Kg7 33.Qd4+ Kg8 34.Nd2 Nb6 35.Bf3  1-0

[Event "Australian Masters"]
[Site "Melbourne AUS"]
[Date "2004.08.13"]
[Round "10"]
[White "Johansen,D"]
[Black "Froehlich,P"]
[Result "1-0"]
[WhiteElo "2483"]
[BlackElo "2388"]

1.e4 c5 2.Nc3 Nc6 3.Nge2 g6 4.d4 cxd4 5.Nxd4 Bg7 6.Nb3 Nf6 7.Be2 O-O 8.O-O a5
9.a4 d5 10.exd5 Nb4 11.Bf3 Bf5 12.Nd4 Qd7 13.d6 Bg4 14.Ncb5 exd6 15.Bg5 Bxf3
16.Qxf3 Ng4 17.Rad1 Ne5 18.Qb3 Rac8 19.h3 h6 20.Bd2 Nec6 21.Nf3 Na6 22.Be3 d5
23.Rxd5 Qe6 24.c4 Ncb4 25.Nbd4 Qb6 26.Nc2 Qc7 27.Nxb4 Nxb4 28.Rc5 Qb6 29.Rxc8  1-0

[Event "ch-GBR"]
[Site "Scarborough ENG"]
[Date "2004.08.13"]
[Round "11"]
[White "Rudd,J"]
[Black "Muir,A"]
[Result "1-0"]
[WhiteElo "2281"]
[BlackElo "2328"]

1.e4 c5 2.Nf3 Nc6 3.Nc3 d6 4.d4 cxd4 5.Nxd4 Nf6 6.Bg5 e6 7.Qd2 Be7 8.O-O-O O-O
9.f3 a6 10.g4 Nxd4 11.Qxd4 b5 12.h4 Qa5 13.Kb1 b4 14.Ne2 e5 15.Qd2 Be6 16.Nc1 Rfd8
17.Bd3 d5 18.Nb3 Qb6 19.exd5 Bxd5 20.Qe2 Rac8 21.h5 Qc6 22.Rhf1 Bxf3 23.Rxf3 e4
24.Re3 exd3 25.cxd3 Bf8 26.h6 Re8 27.Nd4 Rxe3 28.Bxe3 Qd7 29.hxg7 Bxg7 30.Nf5 Nd5
31.Nxg7 Nxe3 32.Nh5 Qe6 33.Re1 Nd5 34.Qxe6 fxe6 35.Rxe6 a5 36.Re5 Nb6 37.Rxa5 Rd8
38.Rb5 Rd6 39.Rxb4 Kf7 40.Kc2 Nd5 41.Re4 Rc6+ 42.Kd2 Ra6 43.a4 Rb6 44.Re5 Ne7
45.Kc3  1-0

[Event "ch-ESP Abierto"]
[Site "Seville ESP"]
[Date "2004.08.14"]
[Round "2"]
[White "Fernandez Garcia,Jo"]
[Black "Rodriguez Garcia,M"]
[Result "1-0"]
[WhiteElo "2478"]
[BlackElo "2185"]

1.e4 c5 2.Nf3 Nc6 3.Nc3 e5 4.Bc4 Be7 5.d3 Nf6 6.O-O d6 7.Bg5 O-O 8.Bxf6 Bxf6
9.Nd5 Be6 10.a3 Bxd5 11.Bxd5 Ne7 12.Ba2 Qd7 13.Re1 Ng6 14.g3 Be7 15.h4 Qh3
16.Re3 Rfe8 17.Qf1 Qxf1+ 18.Rxf1 Nf8 19.Ng5 Bxg5 20.hxg5 Ne6 21.f4 g6 22.Kg2 Kg7
23.Ref3 exf4 24.gxf4 f5 25.gxf6+ Kxf6 26.f5 Ng5 27.Rf4 Re7 28.fxg6+ Kxg6
29.Rf6+ Kg7 30.Rxd6 b6 31.Rf5 Nf7 32.Bxf7 Rxf7 33.Rxf7+ Kxf7 34.c3 Rg8+ 35.Kf3 Ke7
36.Rh6 Rg7 37.d4  1-0

[Event "ch-ESP GpB"]
[Site "Seville ESP"]
[Date "2004.08.14"]
[Round "2"]
[White "Fernandez Romero,Ern"]
[Black "De la Riva Aguado,O"]
[Result "1/2-1/2"]
[WhiteElo "2423"]
[BlackElo "2552"]

1.e4 c5 2.Nf3 Nc6 3.Nc3 e6 4.Bb5 Nge7 5.O-O Nd4 6.Nxd4 cxd4 7.Ne2 a6 8.Bd3 d5
9.exd5 Qxd5 10.c4 Qd8 11.b3 g6 12.Bb2 Bg7 13.f4 O-O 14.Be4 d3 15.Nc3 f5 16.Bf3 Rb8
17.Kh1 b5 18.cxb5 axb5 19.Qe1 Nd5 20.Bxd5 exd5 21.Qg3 d4 22.Nd1 Re8 23.Nf2 Bb7
24.Nxd3 Qd5 25.Rf2 Rbc8 26.h4 Bf6 27.h5 Kg7 28.Ne5 Rc2 29.d3 Rxf2 30.Qxf2 g5
31.Bxd4 gxf4 32.Nf3 Bxd4 33.Qxd4+ Qxd4 34.Nxd4 Kf6 35.Rf1 Kg5 36.Kh2 b4 37.Rf2 Kg4
38.Nf3  1/2-1/2

[Event "ch-FRA w"]
[Site "Val d'Isere FRA"]
[Date "2004.08.17"]
[Round "2"]
[White "Skripchenko,A"]
[Black "Cochet,C"]
[Result "1-0"]
[WhiteElo "2453"]
[BlackElo "2071"]

1.e4 c5 2.Nc3 Nc6 3.Bb5 Nd4 4.Bc4 g6 5.Nf3 Bg7 6.Nxd4 cxd4 7.Qf3 e6 8.Nb5 d6
9.Qa3 Bf8 10.Nxd4 a6 11.Bb5+ Bd7 12.Bxd7+ Qxd7 13.Qf3 Bg7 14.Ne2 Ne7 15.d4 Rc8
16.c3 O-O 17.O-O Nc6 18.Qh3 b5 19.d5 Ne5 20.Rd1 Nc4 21.b3 Nb6 22.Be3 Rb8
23.dxe6 fxe6 24.Rac1 Qe7 25.Nd4 Bxd4 26.Bxd4 Nd7 27.c4 Rbc8 28.Qd3 b4 29.Bb2 Rc6
30.Qd4 Qf6 31.Qxf6 Nxf6 32.e5 dxe5 33.Bxe5 Ng4 34.Bg3 a5 35.Rd7 Rf7 36.Rcd1 a4
37.Rd8+ Kg7 38.Rb8 axb3 39.axb3 Nf6 40.Be5 Ra6 41.Rxb4  1-0

[Event "Knjaz Milos Jezero Open"]
[Site "Belgrade SCG"]
[Date "2004.08.18"]
[Round "2"]
[White "Sredojevic,I"]
[Black "Petrovic,ZoZ"]
[Result "1-0"]
[WhiteElo "2331"]
[BlackElo "2159"]

1.e4 c5 2.Nf3 Nc6 3.Nc3 g6 4.d4 cxd4 5.Nxd4 Bg7 6.Be3 Nf6 7.Be2 O-O 8.Qd2 d5
9.exd5 Nxd5 10.Nxd5 Qxd5 11.Bf3 Qe5 12.Nxc6 bxc6 13.O-O Ba6 14.Rfd1 Qxb2
15.Rab1 Qxa2 16.Bg5 Rac8 17.Bxe7 Rfe8 18.Qd7 Qxc2 19.Rbc1 Qf5 20.Bg4 Qe4
21.Re1 Qf4 22.Bd6 Be5 23.g3 Qf6 24.Bxe5 Rxe5 25.Qxa7 Rxe1+ 26.Rxe1 c5 27.Bxc8 Bxc8
28.Re8+  1-0

[Event "ch-FRA w"]
[Site "Val d'Isere FRA"]
[Date "2004.08.18"]
[Round "3"]
[White "Congiu,M"]
[Black "Wohlers Armas,F"]
[Result "0-1"]
[WhiteElo "2105"]
[BlackElo "2178"]

1.e4 c5 2.Nc3 Nc6 3.Bb5 d6 4.Bxc6+ bxc6 5.d3 g6 6.f4 Bg7 7.Nf3 Nh6 8.O-O f6
9.Qe1 Nf7 10.Be3 O-O 11.d4 cxd4 12.Nxd4 c5 13.Ndb5 a6 14.Na3 f5 15.e5 Rb8
16.Rb1 Kh8 17.Qe2 dxe5 18.Bxc5 Qc7 19.b4 Rd8 20.Qc4 e6 21.Ne2 Nd6 22.Bxd6 Qxd6
23.Rbd1 Qb6+ 24.Kh1 Bb7 25.Qb3 Qc6 26.Qg3 Qe4 27.Qg5 Re8 28.Ng1 Qxb4 29.Rd3 e4
30.Rh3 Kg8 31.Qh4 h6 32.Rb3 Qd4 33.Rfb1 Qd5 34.c4 Qc6 35.Rb6 Qc7 36.Qg3 e3
37.Qxe3 Be4 38.R1b4 Bf8 39.Rxb8 Rxb8 40.Rxb8 Qxb8 41.c5 Qc7 42.Nc4 Qxc5 43.Qe2 Qb5
44.Ne5 Qxe2 45.Nxe2 Kg7 46.Nd4 Bd5 47.a4 Bc5 48.Ndc6 Be3 49.Nb4 Bb7 50.Nbd3 Kf6
51.Nd7+ Ke7 52.N7c5 Bc8 53.h4 Kd6 54.Nb3 Bb7 55.Na5 Bd5 56.Ne5 Kc5  0-1

[Event "ch-ESP Semi-Final"]
[Site "Seville ESP"]
[Date "2004.08.19"]
[Round "2"]
[White "Fernandez Romero,Ern"]
[Black "Illescas Cordoba,M"]
[Result "1/2-1/2"]
[WhiteElo "2423"]
[BlackElo "2618"]

1.e4 c5 2.Nf3 Nc6 3.Nc3 g6 4.d4 cxd4 5.Nxd4 Bg7 6.Be3 Nf6 7.Bc4 O-O 8.Bb3 d6
9.f3 Bd7 10.h4 Nxd4 11.Bxd4 b5 12.Nd5 Nxd5 13.Bxd5 Rc8 14.c3 a5 15.h5 e6
16.Bxg7 Kxg7 17.Qd4+ Kg8 18.Bb3 a4 19.hxg6 fxg6 20.Bc2 Qg5 21.Kf2 Rf7 22.Rad1 Rc6
23.a3 e5 24.Qe3 Qxe3+ 25.Kxe3 Be6 26.Rd2  1/2-1/2

[Event "ch-FRA w"]
[Site "Val d'Isere FRA"]
[Date "2004.08.19"]
[Round "4"]
[White "Milliet,S"]
[Black "Congiu,M"]
[Result "1/2-1/2"]
[WhiteElo "2280"]
[BlackElo "2105"]

1.e4 c5 2.Nc3 Nc6 3.Nf3 g6 4.Bb5 Bg7 5.O-O Nd4 6.Nxd4 cxd4 7.Ne2 Nf6 8.d3 Qb6
9.Ba4 O-O 10.c3 dxc3 11.bxc3 e5 12.Bb3 d6 13.Be3 Qc6 14.Bg5 Be6 15.Bxf6 Bxf6
16.Bxe6 fxe6 17.Qb3 d5 18.Ng3 Bg5 19.Rab1 b6 20.Rb2 Kg7 21.a4 Rac8 22.Rc2 h5
23.Re1 Qd6 24.c4 h4 25.Nf1 dxc4 26.Rxc4 Rxc4 27.Qxc4 Qd4 28.Qc2 Rd8 29.Rd1 Rd7
30.h3 Bf4 31.Nh2 Bxh2+ 32.Kxh2 a6 33.Rd2 Qd6 34.Qc4 a5 35.Rb2 Kf6 36.Qc8 Rd8
37.Qb7 Rb8 38.Qh7 Kg5 39.Rb5 Rf8 40.Qg7 Rxf2 41.d4 Qd8 42.Rxe5+ Kf4 43.Rxe6 Ke3
44.Qxg6 Qxd4 45.Qh6+ Ke2 46.Qxh4 Kf1 47.Qg5 Qc5 48.e5 b5 49.axb5 Rf3 50.gxf3 Qf2+  1/2-1/2

[Event "I Fincas Mediterranea"]
[Site "Castelldefels ESP"]
[Date "2004.08.21"]
[Round "4"]
[White "Marholev,D"]
[Black "Morcillo Ferran,J"]
[Result "1-0"]
[WhiteElo "2350"]
[BlackElo "2082"]

1.e4 c5 2.Nc3 Nc6 3.Nge2 g6 4.d4 cxd4 5.Nxd4 Bg7 6.Be3 Nf6 7.Nxc6 dxc6 8.Qxd8+ Kxd8
9.O-O-O+ Nd7 10.f4 e5 11.f5 h5 12.Bc4 Ke7 13.Rhf1 Rf8 14.a4 b6 15.h3 h4 16.Kb1 Bb7
17.Bg5+ f6 18.Bxh4 g5 19.Bf2 Rad8 20.a5 Nc5 21.axb6 axb6 22.b4 Rxd1+ 23.Rxd1 Nd7
24.Be3 Rd8 25.Na4  1-0

[Event "Knjaz Milos Jezero Open"]
[Site "Belgrade SCG"]
[Date "2004.08.24"]
[Round "8"]
[White "Vranesevic,D"]
[Black "Miloradovic,J"]
[Result "1/2-1/2"]
[WhiteElo "2038"]
[BlackElo "2158"]

1.e4 c5 2.Nc3 Nc6 3.Bb5 Nd4 4.Bc4 g6 5.f4 a6 6.Nf3 b5 7.Be2 Bb7 8.d3 Bg7
9.O-O Nh6 10.Nxd4 cxd4 11.Nb1 f5 12.Bf3 O-O 13.a4 Qc7 14.c3 Kh8 15.e5 dxc3
16.Nxc3 b4 17.Ne2 Bxf3 18.Rxf3 Rfc8 19.Bd2 d5 20.Rc1 Qb7 21.Rxc8+ Rxc8 22.Qb3 a5
23.h3 Nf7 24.Rf1 Qb6+ 25.Kh2 e6 26.Rc1 Rxc1 27.Bxc1 Qc5 28.Qd1 Bf8 29.d4 Qc8
30.b3 Nd8 31.Be3 Qa6  1/2-1/2

[Event "54th ch-HUN"]
[Site "Budapest HUN"]
[Date "2004.08.25"]
[Round "7"]
[White "Balogh,C"]
[Black "Cao,S"]
[Result "1/2-1/2"]
[WhiteElo "2513"]
[BlackElo "2545"]

1.e4 c5 2.Nf3 Nc6 3.Nc3 e5 4.Bc4 d6 5.d3 h6 6.Nd2 Nf6 7.Nf1 g6 8.Ne3 Bg7
9.Ncd5 Nxd5 10.Nxd5 O-O 11.h4 Nd4 12.a4 Kh8 13.c3 Ne6 14.g4 Nc7 15.Nxc7 Qxc7
16.Bxh6 Bxh6 17.g5 Qe7 18.gxh6 f5 19.Qd2 fxe4 20.dxe4 Bg4 21.Be2 Bxe2 22.Qxe2 Rf4
23.O-O-O Raf8 24.Rd2 R8f6 25.Qe3 Qf7 26.Rhd1 Qa2 27.Rxd6 Qa1+ 28.Kc2 Qxa4+
29.Kc1 Qa1+ 30.Kc2 Rxf2+ 31.R6d2 Qa4+ 32.Kc1 Qa1+ 33.Kc2 Qa4+ 34.Kc1  1/2-1/2

[Event "ch-FRA w"]
[Site "Val d'Isere FRA"]
[Date "2004.08.25"]
[Round "10"]
[White "Lallemand,R"]
[Black "Cochet,C"]
[Result "1-0"]
[WhiteElo "2302"]
[BlackElo "2071"]

1.e4 c5 2.Nc3 Nc6 3.Bb5 Nd4 4.Bc4 e6 5.Nf3 Ne7 6.Nxd4 cxd4 7.Ne2 Nc6 8.d3 g6
9.f4 d5 10.exd5 exd5 11.Bb3 Bg7 12.O-O O-O 13.Ng3 f5 14.Re1 Qd6 15.Qf3 Rd8
16.Bd2 Be6 17.Re2 Bf7 18.Rae1 a5 19.a4 Bf6 20.Nh1 Ne7 21.Nf2 Nc6 22.g4 Kh8
23.g5 Bg7 24.Nh1 Kg8 25.Ng3 Kf8 26.h4 Re8 27.h5 Rxe2 28.Rxe2 Nb4 29.h6 Bh8
30.Kg2 Qc5 31.Bxb4 axb4 32.Qf2 Re8 33.Nf1 Rxe2 34.Qxe2 Qe7 35.Qd2 b6 36.Kf2 Ke8
37.Qc1 Kd8 38.Qa1 Qc5 39.Kf3 Kd7 40.Qc1 Qe7 41.Kf2 Kd8 42.Ng3 Qe3+ 43.Qxe3 dxe3+
44.Kxe3 Bxb2 45.Ne2 Kd7 46.d4 Kc6 47.Kd3 b5 48.a5 Kb7 49.c3 Ba3 50.cxb4 Bxb4
51.Nc3 Kc6 52.a6 Bxc3 53.Kxc3 Kb6 54.Kb4 Kxa6 55.Kc5 Ka5 56.Kd6 Kb4 57.Bd1 Kc4
58.Ke7  1-0

[Event "Paks Cup GM"]
[Site "Paks HUN"]
[Date "2004.08.28"]
[Round "8"]
[White "Nevednichy,V"]
[Black "Paschall,W"]
[Result "1-0"]
[WhiteElo "2538"]
[BlackElo "2389"]

1.e4 c5 2.Nc3 Nc6 3.Bb5 Nd4 4.Bc4 e6 5.Nge2 Nf6 6.d3 d5 7.Bb3 Nxb3 8.axb3 dxe4
9.dxe4 Qxd1+ 10.Kxd1 Bd7 11.f3 Bc6 12.Be3 Be7 13.Nf4 g5 14.Nd3 Nd7 15.Ke2 f5
16.exf5 exf5 17.h4 g4 18.Kf2 gxf3 19.gxf3 Kf7 20.Ne2 Bd6 21.Bf4 Bxf4 22.Nexf4 Rhg8
23.Rhe1 a6 24.Ne5+ Nxe5 25.Rxe5 Kf6 26.Re6+ Kf7 27.Rh6 Kg7 28.Rh5 Kh8 29.Re1 Rge8
30.Rxe8+ Rxe8 31.Rxf5 b6 32.Rf6 Rc8 33.Nd3 Kg7 34.Rd6 a5 35.Ne5 Be8 36.Rxb6 a4
37.bxa4 Bxa4 38.b3 Be8 39.Ke3  1-0

[Event "35th Atlantic Open"]
[Site "Washington DC USA"]
[Date "2004.08.28"]
[Round "3"]
[White "Schneider,Ig"]
[Black "Shabalov,A"]
[Result "0-1"]
[WhiteElo "2266"]
[BlackElo "2605"]

1.e4 c5 2.Nc3 Nc6 3.Nf3 Nf6 4.Bb5 Qc7 5.O-O Nd4 6.Re1 a6 7.Bf1 e5 8.Nd5 Nxd5
9.exd5 d6 10.c3 Nxf3+ 11.Qxf3 Be7 12.d4 O-O 13.Qe2 cxd4 14.cxd4 Bf6 15.dxe5 Bxe5
16.Be3 Qa5 17.Red1 Qb4 18.Rd2 Bg4 19.Qc4 Qxc4 20.Bxc4 Rac8 21.Bd3 Rfe8 22.h3 Bd7
23.Kf1 f5 24.Bb6 Kf7 25.g3 g5 26.Kg2 h5 27.f3 h4 28.g4 Bf4 29.Rf2 Re5 30.Rd1 fxg4
31.fxg4 Ke7 32.Bg6 Rc4 33.a3 Ba4 34.Rb1 Bb3 35.Bf5 Ra4 36.Be6 Rae4 37.Rbf1 Bxd5
38.Bxd5 Rxd5 39.Rc2 Rb5 40.Bg1 a5 41.Rff2 Ke6 42.Bh2 Bxh2 43.Kxh2 Re3 44.Rfe2 Rxe2+
45.Rxe2+ Kd5 46.Kg2 Rb3 47.Rd2+ Ke4 48.Rxd6 Rxb2+ 49.Kf1 Rb3 50.Rd7 Rxh3  0-1

[Event "1st Kalamaria Open"]
[Site "Thessaloniki GRE"]
[Date "2004.09.05"]
[Round "3"]
[White "Shavtvaladze,N"]
[Black "Sandalakis,A"]
[Result "1/2-1/2"]
[WhiteElo "2439"]
[BlackElo "2120"]

1.e4 c5 2.Nc3 Nc6 3.Bb5 e6 4.Nf3 Nge7 5.O-O a6 6.Bxc6 Nxc6 7.d4 cxd4 8.Nxd4 Qc7
9.Re1 Bd6 10.h3 Nxd4 11.Qxd4 Be5 12.Qe3 O-O 13.f4 Bd6 14.Qg3 f5 15.exf5 Rxf5
16.Ne4 Bxf4 17.Bxf4 Qxf4 18.Qxf4 Rxf4 19.Nd6 Rd4 20.Rad1 Rxd1 21.Rxd1 Kf8
22.Nxc8 Rxc8 23.Rxd7 Rxc2 24.Rxb7 a5 25.Kh2 a4 26.a3 e5 27.Kg3 e4 28.Rb4 e3
29.Rf4+ Kg8 30.Rxa4 Rxb2 31.Re4 e2 32.a4 Rb4 33.Rxe2  1/2-1/2

[Event "8th WUCC Women"]
[Site "Instanbul TUR"]
[Date "2004.09.06"]
[Round "2"]
[White "Gvetadze,S"]
[Black "Partac,E"]
[Result "1-0"]
[WhiteElo "2321"]
[BlackElo "2275"]

1.e4 c5 2.Nf3 Nc6 3.Nc3 g6 4.d4 cxd4 5.Nxd4 Bg7 6.Be3 Nf6 7.Nb3 O-O 8.Be2 d6
9.O-O Be6 10.f4 Qc8 11.Kh1 Bg4 12.Bxg4 Qxg4 13.Qd2 Rad8 14.Rae1 Qh5 15.Bg1 Bh6
16.Nd5 Bg7 17.c4 Rfe8 18.Nc1 Ng4 19.Rf3 Nf6 20.b4 a6 21.Nd3 b5 22.Nf2 Ng4
23.Nxg4 Qxg4 24.cxb5 axb5 25.Nc7 Rf8 26.Nxb5 Rb8 27.a4 Rfc8 28.Rb3 Qe6 29.Qd3 Qg4
30.Be3 Qh4 31.Rf1 Qf6 32.a5 Qe6 33.Rfb1 f5 34.exf5 gxf5 35.Bb6 Kh8 36.Nc7 Rxc7
37.Bxc7 Rxb4 38.Rxb4 Nxb4 39.Qb3 Qxb3 40.Rxb3 Na6 41.Rb6 Nxc7 42.Rb8+ Bf8
43.Rxf8+ Kg7 44.Rc8 Na6 45.Rc6 Nb4 46.Rb6 Nd5 47.Rb7  1-0

[Event "8th WUCC Women"]
[Site "Instanbul TUR"]
[Date "2004.09.07"]
[Round "4"]
[White "Dworakowska,J"]
[Black "Pogonina,N"]
[Result "1-0"]
[WhiteElo "2402"]
[BlackElo "2402"]

1.e4 c5 2.Nc3 Nc6 3.Bb5 Nd4 4.Bc4 g6 5.Nf3 Bg7 6.Nxd4 cxd4 7.Qf3 Nh6 8.Ne2 O-O
9.d3 Ng4 10.Bb3 d6 11.Qg3 a5 12.a4 Nf6 13.Nxd4 Nxe4 14.dxe4 Bxd4 15.h4 Be6
16.h5 Bxb3 17.Qxb3 Qd7 18.hxg6 hxg6 19.Be3 Bg7 20.O-O-O Rfc8 21.Bd4 Qc6 22.Bxg7 Kxg7
23.Rh7+ Kxh7 24.Qxf7+ Kh6 25.Rh1+ Kg5 26.Qxe7+  1-0

[Event "Open"]
[Site "Pune IND"]
[Date "2004.09.07"]
[Round "5"]
[White "Roy Chowdhury,S"]
[Black "Akshayraj,K"]
[Result "1-0"]
[WhiteElo "2393"]
[BlackElo "2330"]

1.e4 c5 2.Nf3 Nc6 3.Nc3 d6 4.Bb5 e5 5.d3 Be7 6.O-O a6 7.Bc4 Bg4 8.Be3 Nf6
9.Nd5 Nd4 10.Bxd4 exd4 11.h3 Bh5 12.Nf4 Bg6 13.a4 Nh5 14.Qc1 Nxf4 15.Qxf4 O-O
16.Bd5 Qd7 17.Nd2 Rae8 18.Qg4 Qxg4 19.hxg4 h5 20.gxh5 Bxh5 21.f3 b5 22.g4 Bg6
23.axb5 axb5 24.f4 Bh7 25.Ra7 Bd8 26.Rb7 Kh8 27.Rxb5 f5 28.gxf5 Rf6 29.Ra1 g6
30.Ra8 gxf5 31.Rbb8 Rff8 32.e5 dxe5 33.Nc4 exf4 34.Kf1 Kg7 35.Nd6 Re5 36.Rxd8 Rxd5
37.Rxf8 Rxd6 38.Rfc8 Kf6 39.Ra7 Bg6 40.Rac7 Bh5 41.Rc6 Ke7 42.Rxd6 Kxd6 43.Ke1 Bg4
44.Rd8+ Kc7 45.Rf8 Kd6 46.Rf6+ Ke5 47.Rh6 Kd5 48.Ra6 Ke5 49.Ra5 Kd6 50.c4 dxc3
51.bxc3 Bf3 52.Ra4 Bc6 53.Rxf4 Ke5 54.Rc4 Kd6 55.Kd2 Bd5 56.Rh4 Ke5 57.Ke3 Bg8
58.Ra4 Bd5 59.Rh4 Bc6 60.Rc4 Kd5 61.Rh4 Ke5 62.Rh6 Bg2 63.Rh8 Bf1 64.Re8+ Kd5
65.c4+ Kc6 66.Rf8 Bh3 67.Kf4 Bf1 68.Rd8 Kc7 69.Rd5 Kc6 70.Kxf5 Be2 71.Ke5 Bf3
72.Rd6+ Kc7 73.Rh6 Bg2 74.d4 cxd4 75.Kxd4 Bf3 76.Kc5 Be4 77.Re6 Bd3 78.Re7+ Kd8
79.Rg7 Kc8 80.Kd6 Kd8  1-0

[Event "FSGM September"]
[Site "Budapest HUN"]
[Date "2004.09.08"]
[Round "5"]
[White "Grafl,F"]
[Black "Malysheva,P"]
[Result "1-0"]
[WhiteElo "2411"]
[BlackElo "2364"]

1.e4 c5 2.Nc3 Nc6 3.Nf3 Nf6 4.Bb5 Nd4 5.e5 Nxb5 6.Nxb5 Ng4 7.d4 g6 8.O-O Bg7
9.h3 Nh6 10.dxc5 O-O 11.Bg5 Kh8 12.Qd5 Qa5 13.a4 Ng8 14.b4 Qxb4 15.Bd2 e6
16.Bxb4 exd5 17.Nc7 Rb8 18.Nxd5 f6 19.Rae1 f5 20.Nd2 Re8 21.Nc4 Ne7 22.Nf6 Rf8
23.c6 Nxc6 24.Bxf8 Bxf8 25.Rd1 b5 26.axb5 Rxb5 27.Nxd7 Bxd7 28.Rxd7 Rb4 29.Nd6 Nxe5
30.Nf7+ Nxf7 31.Rxf7 Bc5 32.Rd1 Rb8 33.Rdd7  1-0